LEADER 01039nam a2200253 i 4500 001 991003089199707536 005 20020503183310.0 008 000908s1973 it ||| | ita 035 $ab10456521-39ule_inst 035 $aEXGIL114922$9ExL 040 $aBiblioteca Interfacoltà$bita 082 0 $a361.9 245 10$aIndagine sui servizi sociali :$babitazione, infanzia, salute e vecchiaia 260 $aGalatina :$bEditrice salentina,$c1973 300 $a160 p. ;$c24 cm. 500 $aCittà di lecce, Università degli studi di lecce, Facoltà di magistero 650 4$aServizi sociali 907 $a.b10456521$b02-04-14$c27-06-02 912 $a991003089199707536 945 $aLE002 Dir. III M 14$g1$i2002000562555$lle002$o-$pE0.00$q-$rl$s- $t0$u0$v0$w0$x0$y.i10528891$z27-06-02 945 $aLE002 A Dir. III M 14 bis$g2$i2002000752895$lle002$og$pE0.00$q-$rl$s- $t0$u0$v0$w0$x0$y.i14752682$z15-05-08 996 $aIndagine sui servizi sociali$9221638 997 $aUNISALENTO 998 $ale002$b01-01-00$cm$da $e-$fita$git $h0$i1